| 000 | 00567nam a2200193Ia 4500 | ||
|---|---|---|---|
| 003 | IN-BaIIA | ||
| 008 | 211028s9999 xx 000 0 eng d | ||
| 040 | _cIIA Library | ||
| 080 |
_a521.3 _bHER |
||
| 100 |
_aHerget, Paul _92310 |
||
| 245 | 4 |
_aThe computation of orbits _cPaul Herget |
|
| 260 |
_bCincinnati Observatory _c1948 |
||
| 300 | _aix, 177p. | ||
| 650 |
_aAstronomy _980 |
||
| 650 | _aAstronomy and astrophysics thesaurus | ||
| 650 |
_aOrbit determination _917516 |
||
| 650 |
_aOrbits _92312 |
||
| 942 | _cBK | ||
| 999 |
_c10304 _d10304 |
||